The advisory council for a department of vocational agriculture. (Record no. 22146)
[ view plain ]
| 000 -LEADER | |
|---|---|
| fixed length control field | 01083cam a22002411 4500 |
| 001 - CONTROL NUMBER | |
| control field | e 51000007 |
| 003 - CONTROL NUMBER IDENTIFIER | |
| control field | DLC |
| 005 - DATE AND TIME OF LATEST TRANSACTION | |
| control field | 20260227111234.0 |
| 008 - FIXED-LENGTH DATA ELEMENTS--GENERAL INFORMATION | |
| fixed length control field | 791116s1951 dcu 000 0 eng |
| 010 ## - LIBRARY OF CONGRESS CONTROL NUMBER | |
| LC control number | e 51000007 |
| 040 ## - CATALOGING SOURCE | |
| Original cataloging agency | U.S. Office of Education. Library |
| Transcribing agency | DLC |
| Modifying agency | DLC |
| 043 ## - GEOGRAPHIC AREA CODE | |
| Geographic area code | n-us--- |
| 050 00 - LIBRARY OF CONGRESS CALL NUMBER | |
| Classification number | LC1045 |
| Item number | .A25 no. 243 |
| 082 00 - DEWEY DECIMAL CLASSIFICATION NUMBER | |
| Classification number | 630.7 |
| 100 1# - MAIN ENTRY--PERSONAL NAME | |
| Personal name | Johnson, Elmer John, |
| Dates associated with a name | 1896- |
| 245 14 - TITLE STATEMENT | |
| Title | The advisory council for a department of vocational agriculture. |
| 260 ## - PUBLICATION, DISTRIBUTION, ETC. | |
| Place of publication, distribution, etc. | [Washington] |
| Name of publisher, distributor, etc. | Federal Security Agency, Office of Education |
| Date of publication, distribution, etc. | [1951] |
| 300 ## - PHYSICAL DESCRIPTION | |
| Extent | iv, 28 p. |
| Dimensions | 23 cm. |
| 490 1# - SERIES STATEMENT | |
| Series statement | [United States] Office of Education. Vocational Division. Bulletin no. 243. Agricutural series, no. 60 |
| 501 ## - WITH NOTE | |
| With note | With : Guide to occupational choice and training / Walter James Greenleaf. Washington : Govt. Print. Off., 1947. Bound together subsequent to publication. |
| Institution to which field applies | DLC |
| 650 #0 - SUBJECT ADDED ENTRY--TOPICAL TERM | |
| Topical term or geographic name entry element | Agricultural education |
| Geographic subdivision | United States. |
| 810 1# - SERIES ADDED ENTRY--CORPORATE NAME | |
| Corporate name or jurisdiction name as entry element | United States. |
| Subordinate unit | Office of Education. |
| -- | Division of Vocational and Technical Education. |
| Title of a work | Vocational Division bulletin |
| Volume/sequential designation | no. 243 |
No items available.